• 首页
  • 本馆介绍
  • 公告通知
  • 最新文献
  • 馆藏检索
  • 电子资源
  • 读者导购
  • 参考咨询
  • 我的图书馆
  • 登录
  • 详细信息显示
  • 放入我的书架
  • 预约/预借图书
  • 作者相关作品
  • 分类相关作品
  • 丛书相关作品
  • 出版社相关作品

书目信息

  • 表格格式
  • 工作单格式
  • 卡片格式
题名:
敦煌壁画中的精彩故事
    
 
作者: 陈钰 主编
分册:  
出版信息: 北京   新世界出版社  2008.05
页数: 281页
开本: 26cm
丛书名:
单 册:
中图分类: K870.6
科图分类:
主题词: 敦煌学
电子资源:
ISBN: 978-7-80228-571-2
000 00954nam0 22002531 450
001 0011028520
005 20110405163207.0
010    @a978-7-80228-571-2@b@dCNY98.00
100    @a20080730d2008 em y0chiy0110 ea
101 0  @achi
102    @aCN@b110000@2GB2260
105    @ay z 000yy
106    @ar
200 1  @a敦煌壁画中的精彩故事@9dun huang bi hua zhong de jing cai gu shi@e英文版@f陈钰主编
210    @a北京@c新世界出版社@d2008.05
215    @a281页@d26cm
330    @aThe 137 vivid, beautiful mural pictures were provided by Dunhuang Cultural Centre. This English version,Fascinating Mural Stories from Danhaang Grottoes, is an exquisite picture album containing colorful images that promise to be a feast for the reader's eyes.
517 1  @a英文版@9ying wen ban
606 0  @a敦煌学
690    @aK870.6@v5
701  0 @a陈钰@9chen yu@4主编
801  0 @aCN@bITDY@c20101222
905    @aBZT@dK870.6@e1
906    @dCNY98.00(共两册@n0@r1
    
    敦煌壁画中的精彩故事:英文版/陈钰主编.-北京:新世界出版社,2008.05
    281页;26cm
    
    
    ISBN 978-7-80228-571-2:CNY98.00
    The 137 vivid, beautiful mural pictures were provided by Dunhuang Cultural Centre. This English version,Fascinating Mural Stories from Danhaang Grottoes, is an exquisite picture album containing colorful images that promise to be a feast for the reader's eyes.
●
相关链接 在五车中查询图书 在当当中查询图书 在豆瓣中查询图书


正题名:敦煌壁画中的精彩故事     索取号:K870.6/1         预约/预借

序号 登录号 条形码 馆藏地/架位号 状态 备注
1 773798   2000773798   中心书库南/015架A面3层1列/ [索取号:K870.6/1] 在馆    
2 773799   2000773799   中心书库南/015架A面3层1列/ [索取号:K870.6/1] 在馆    
3 773800   2000773800   中心书库南/015架A面3层1列/ [索取号:K870.6/1] 在馆    
4 773801   2000773801   中心书库南/015架A面3层1列/ [索取号:K870.6/1] 在馆    
5 773802   2000773802   中心书库南/015架A面3层1列/ [索取号:K870.6/1] 在馆    
6 773803   2000773803   中心书库南/015架A面3层1列/ [索取号:K870.6/1] 在馆    
7 773804   2000773804   中心书库南/015架A面3层1列/ [索取号:K870.6/1] 在馆    
8 773805   2000773805   中心书库南/015架A面3层1列/ [索取号:K870.6/1] 在馆    
9 773806   2000773806   中心书库南/015架A面3层1列/ [索取号:K870.6/1] 在馆    
10 773807   2000773807   中心书库南/015架A面3层1列/ [索取号:K870.6/1] 在馆    
山东省滨州职业学院图书馆 欢迎您!
大连网信软件有限公司© 版权所有